| 000 | 01149cam a22003134a 4500 | ||
|---|---|---|---|
| 001 | 12928275 | ||
| 003 | OSt | ||
| 005 | 20241108104514.0 | ||
| 008 | 020913s2003 maua b 001 0 eng | ||
| 010 | _a 2002030944 | ||
| 020 | _a9780072836202 | ||
| 040 |
_aDLC _cDLC _dDLC |
||
| 042 | _apcc | ||
| 050 | 0 | 0 |
_aQA76.76.O63 _bW73 2003 |
| 082 | 0 | 0 |
_a0054/32 _221 |
| 100 | 1 | _aWrightson, Kate | |
| 245 | 1 | 0 |
_aIntroduction to UNIX / _cKate Wrightson and Joe Merlino. |
| 260 |
_aBoston : _bMcGraw-Hill Irwin _c2003. |
||
| 300 |
_axiii, 407 p. : _bill. ; _c24 cm. |
||
| 504 | _aIncludes bibliographical references (p. 383-394) and index. | ||
| 630 | 0 | 0 | _aUNIX (Computer file) |
| 650 | 0 | _aOperating systems (Computers) | |
| 700 | 1 | _aMerlino, Joe | |
| 856 | 4 | 1 |
_3Table of contents _uhttp://www.loc.gov/catdir/toc/mh031/2002030944.html |
| 856 | 4 | 2 |
_3Publisher description _uhttp://www.loc.gov/catdir/description/mh031/2002030944.html |
| 906 |
_a7 _bcbc _corignew _d1 _eocip _f20 _gy-gencatlg |
||
| 942 |
_2lcc _cBK _n0 |
||
| 999 |
_c853 _d853 |
||